000 00574nam a2200193Ia 4500
003 GCL
008 140319s9999 xx 000 0 ara d
040 _aGCL /
_cGCL
082 0 4 _a871
_bا ك
100 1 _aحسن عثمان
245 1 0 _aكوميديا دانتى اليجييرى:النشيد الثالث:الفردوس /
_cحسن عثمان
700 1 _aالبجييرى, دانتى
300 _a698 ص
490 _a
650 0 4 _aدانتى
650 0 4 _aالشعر الايطالى
650 0 4 _aالشعر الايطالى المترجم
942 _2ddc
_cBK
999 _c45789
_d45789